000
00245nam a2200097Ia 4500
008
240331s9999 xx 000 0 und d
082
_b
NAM
100
_a
Namboodaripad, E.M.S
245
0
_a
Vakuppu vathamum mathacahrpinmaikana poraddamum
942
_c
L
999
_c
2402
_d
2402